000 00748nam a2200205 i 4500
999 _c115246
_d115246
001 C2-0313539
003 PPAK
005 20190626124436.0
008 111120s2008 my a|||| ||||| | may d
040 _aPPAK
_beng
_cPPAK
_erda
082 0 4 _a929.709595112
_223
090 0 0 _a929.709595112
_bIST
_dKK
245 0 0 _aIstiadat Menyembah Tahniah dan Penganugerahan Darjah serta Bintang Kebesaran sempena Perayaan Jubli Emas 50 Tahun Pemerintahan Kebawah Duli Yang Maha Mulia Tuanku Sultan Kedah Darul Aman.
264 1 _aAlor Setar, Kedah :
_bKerajaan Negeri Kedah ,
_c2008
300 _a[n.p.] :
_bcolour illustrations ;
_c27 cm
336 _2rdacontent
_atext
337 _2rdamedia
_aunmediated
338 _2rdacarrier
_avolume
942 _cB
_2ddc